<?xml version="1.0" encoding="UTF-8"?>
<record
    xmlns:xsi="http://www.w3.org/2001/XMLSchema-instance"
    xsi:schemaLocation="http://www.loc.gov/MARC21/slim http://www.loc.gov/standards/marcxml/schema/MARC21slim.xsd"
    xmlns="http://www.loc.gov/MARC21/slim">

  <leader>01353nam a22001697a 4500</leader>
  <controlfield tag="008">200131b        xxu||||| |||| 00| 0 eng d</controlfield>
  <datafield tag="020" ind1=" " ind2=" ">
    <subfield code="a">9780134101613</subfield>
  </datafield>
  <datafield tag="050" ind1=" " ind2=" ">
    <subfield code="a">QA76.9.C643(10e)</subfield>
  </datafield>
  <datafield tag="100" ind1=" " ind2=" ">
    <subfield code="a">Stallings, William.</subfield>
  </datafield>
  <datafield tag="245" ind1=" " ind2=" ">
    <subfield code="a">Computer organization and architecture: designing for performance. /</subfield>
    <subfield code="c">William Stallings.</subfield>
  </datafield>
  <datafield tag="250" ind1=" " ind2=" ">
    <subfield code="a">10th ed.</subfield>
  </datafield>
  <datafield tag="260" ind1=" " ind2=" ">
    <subfield code="a">Boston :</subfield>
    <subfield code="b">Pearson,</subfield>
    <subfield code="c">2016.</subfield>
  </datafield>
  <datafield tag="300" ind1=" " ind2=" ">
    <subfield code="a">856 p. :</subfield>
    <subfield code="c">23 cm.</subfield>
  </datafield>
  <datafield tag="500" ind1=" " ind2=" ">
    <subfield code="a">Includes appendix and index.</subfield>
  </datafield>
  <datafield tag="505" ind1=" " ind2=" ">
    <subfield code="a">Contents: Part one: Introduction:Basic concepts and computer evolution -- Performance issues -- Part two: The computer system: A top-level view of computer function and interconnection -- Cache memory -- Internal memory -- External memory -- Input/ output -- Operating system support -- Part three: Arithmetic and logic: Number systems -- computer arithmetic -- Digital logic -- Part four: The central processing unit: Instruction sets: characteristics and functions -- Instruction sets: addressing modes and formats -- Processor structure and function -- Reduced instruction set computers -- Instruction-level parallelism and superscaler processors -- Part five: Parallel organization: Parallel processing -- Multicore computers -- General-purpose graphic processing units -- Part six: The control unit: Control unit operation -- Microprogrammed control. </subfield>
  </datafield>
  <datafield tag="942" ind1=" " ind2=" ">
    <subfield code="2">lcc</subfield>
    <subfield code="c">BK</subfield>
  </datafield>
  <datafield tag="999" ind1=" " ind2=" ">
    <subfield code="c">7035</subfield>
    <subfield code="d">14535</subfield>
  </datafield>
  <datafield tag="952" ind1=" " ind2=" ">
    <subfield code="0">0</subfield>
    <subfield code="1">0</subfield>
    <subfield code="2">lcc</subfield>
    <subfield code="4">0</subfield>
    <subfield code="7">0</subfield>
    <subfield code="a">WIUC-1</subfield>
    <subfield code="b">WIUC-1</subfield>
    <subfield code="c">REF</subfield>
    <subfield code="d">2020-01-31</subfield>
    <subfield code="l">0</subfield>
    <subfield code="o">QA76.9.C643(10e)</subfield>
    <subfield code="p">8567/019/20</subfield>
    <subfield code="r">2020-01-31 00:00:00</subfield>
    <subfield code="t">1</subfield>
    <subfield code="w">2020-01-31</subfield>
    <subfield code="y">BK</subfield>
  </datafield>
  <datafield tag="952" ind1=" " ind2=" ">
    <subfield code="0">0</subfield>
    <subfield code="1">0</subfield>
    <subfield code="2">lcc</subfield>
    <subfield code="4">0</subfield>
    <subfield code="7">0</subfield>
    <subfield code="a">WIUC-1</subfield>
    <subfield code="b">WIUC-1</subfield>
    <subfield code="c">REF</subfield>
    <subfield code="d">2020-01-31</subfield>
    <subfield code="l">0</subfield>
    <subfield code="o">QA76.9.C6431(10e)</subfield>
    <subfield code="p">8568/020/20</subfield>
    <subfield code="r">2020-01-31 00:00:00</subfield>
    <subfield code="t">2</subfield>
    <subfield code="w">2020-01-31</subfield>
    <subfield code="y">BK</subfield>
  </datafield>
</record>
